000 00315nam a22001337a 4500
020 _a1-84255-067-5
082 _a823
_bSIM/H
100 _aFRANCESCA SIMON
245 _aHORRID HENRY'S UNDERPANTS
260 _aUNITED KINGDOM
_bORION
_c2003
300 _a85
650 _aCHILDRENS STORY BOOK
_zUNITED KINGDOM
942 _cBK
999 _c66
_d66